Word Ladder: Caribbean Capital and Country Quiz Stats

 Plays Quiz Updated Aug 17, 2017

Support Sporcle.
Go Orange.
Score 0/22 Timer 02:00
0 Plays Today
Clue 4-Letter Answer % Correct
Where bats liveCAVE
97.5%
What a detective or lawyer works onCASE
96.8%
'Frozen' protagonistELSA
92.3%
Common threat - 'Do what I say, or ___!'ELSE
91.9%
• Possess ••HAVE•
91.8%
Freedom from difficultyEASE
90.6%
Coin worth a tenth of a dollarDIME
90.4%
To eat a mealDINE
88.4%
To adjust a musical instrumentTUNE
87.3%
• Sister of 'Frozen' protagonist above ••ANNA•
86.9%
Queen of England from 1702-1714ANNE
86.5%
Clue 4-Letter Answer % Correct
Prong of a forkTINE
85%
'Dark Angel' actress JessicaALBA
84.9%
Common affliction for teenagersACNE
84%
Nickname for the London UndergroundTUBE
83%
Site of Napoleon's first exileELBA
82.8%
2006 Movie - 'Paris Je T'___'AIME
82.3%
A variety of a large brass instrumentTUBA
82.1%
Wile E. Coyote's company of choiceACME
80.7%
• Largest of the Caribbean Islands ••CUBA•
79.3%
'Plop Plop, Fizz Fizz' - ____-Seltzer sloganALKA
78.9%
Famous Canadian singer/songwriter PaulANKA
76.7%

Today's Daily Dose

Missing Word
Inventors

Word Ladder
Feud Chain

Get the Picture
Domestic Movie Titles

From the Vault

Basketball Movies

by Ben

Movies 7m
We suspect that the special effects budget of these movies is surprising large, most of it going to making it look like the actors can actually make a free throw.
Remove Ads.
Support Sporcle.
Get the best of Sporcle when you Go Orange. This ad-free experience offers more features, more stats, and more fun while also helping to support Sporcle. Thank you for becoming a member.

Show Comments

Extras

Top Quizzes Today


Score Distribution

Your Account Isn't Verified!

In order to create a playlist on Sporcle, you need to verify the email address you used during registration. Go to your Sporcle Settings to finish the process.

Report this User

Report this user for behavior that violates our Community Guidelines.

Details: